Λεξικό οικονομικών επιστημών = Dictionnaire des sciences economiques = Dictionary of economics : πολιτική οικονομία - δημόσια οικονομία - ... δίκαιο

Αποθηκεύτηκε σε:
Λεπτομέρειες βιβλιογραφικής εγγραφής
Μορφή: Βιβλίο
Γλώσσα:Greek
French
English
Δημοσίευση: Αθήνα : Πάμισος, 1984.
Σειρά:Εγκυκλοπαιδικά λεξικά "Πάμισος" ; ; 5
Θέματα:
Ετικέτες: Προσθήκη ετικέτας
Δεν υπάρχουν, Καταχωρήστε ετικέτα πρώτοι!

MARC

LEADER 00000cam a2200000 i 4500
001 1/35692
008 960801s1984####gr | | ||| |||| ||gre||
035 |l 10024345 
040 |a GR-MY-UA  |b gre  |e aacr 
041 1 |a gre  |a fre  |a eng 
082 0 |a 330.03  
245 1 0 |a Λεξικό οικονομικών επιστημών =   |b Dictionnaire des sciences economiques = Dictionary of economics : πολιτική οικονομία - δημόσια οικονομία - ... δίκαιο  
246 1 |i Παράλληλος τίτλος:   |a Dictionnaire des sciences economiques  
246 1 |i Παράλληλος τίτλος:   |a Dictionary of economics  
260 |a Αθήνα :   |b Πάμισος,   |c 1984.  
300 |a 2τ.  
490 1 |a Εγκυκλοπαιδικά λεξικά Πάμισος   |v ; 5  
650 0 0 |a Economics  |x Dictionaries. 
830 0 |a Εγκυκλοπαιδικά λεξικά "Πάμισος" ;  |v ; 5  
852 |a INST  |b CHIOS  |e 19980219  |h 330.03 ΛΕΞ  |p 005200009900  |q 005200009900  |t REF  |y 23  |z v.2 
852 |a INST  |b CHIOS  |e 19980219  |h 330.03 ΛΕΞ  |p 005200009901  |q 005200009901  |t REF  |y 23  |z v.1 
852 |a INST  |b CHIOS  |e 19980219  |h 330.03 ΛΕΞ  |p 005200009900  |q 005200009900  |t REF  |v v.2:  |y 23  |z v.2 
852 |a INST  |b CHIOS  |e 19980219  |h 330.03 ΛΕΞ  |p 005200009901  |q 005200009901  |t REF  |v v.1:  |y 23  |z v.1 
852 |a INST  |b LESVOS  |e 19960801  |h 330.03 ΛΕΞ  |p 005100022893  |q 005100022893  |t REF  |y 23  |z v.2 
852 |a INST  |b LESVOS  |e 19960801  |h 330.03 ΛΕΞ  |p 005100022894  |q 005100022894  |t REF  |y 23  |z v.1 
852 |a INST  |b LESVOS  |e 19960801  |h 330.03 ΛΕΞ  |p 005100022893  |q 005100022893  |t REF  |v v.2:  |y 23  |z v.2 
852 |a INST  |b LESVOS  |e 19960801  |h 330.03 ΛΕΞ  |p 005100022894  |q 005100022894  |t REF  |v v.1:  |y 23  |z v.1 
853 |a INST  |b CHIOS  |h 330.03 ΛΕΞ 
853 |a INST  |b LESVOS  |h 330.03 ΛΕΞ 
909 |a Χ  |b 002135 
909 |a Λ  |b 016889 
909 |a Χ  |b 002136 
909 |a Λ  |b 016890